| 000 | 00464nam a2200193Ia 4500 | ||
|---|---|---|---|
| 008 | 210210b1958 xxu||||| |||| 00| 0 eng d | ||
| 041 | _aeng | ||
| 082 | _a536/126 | ||
| 100 | _aSTARR (Chauncey) | ||
| 245 | _aSodium graphite reactors | ||
| 260 |
_aMassachusetts _bAddison-Wesley _c1958 |
||
| 300 | _a288 | ||
| 650 | _aSodium | ||
| 650 | _areactors | ||
| 650 | _agraphite | ||
| 690 | _aModern Physics | ||
| 700 | _aDICKINSONS (Robert W) | ||
| 906 | _a008924 | ||
| 999 |
_c126781 _d126781 |
||